书目信息 |
| 题名: |
商业银行信用风险评估
|
|
| 作者: | 于立勇 著 | |
| 分册: | ||
| 出版信息: | 北京 北京大学出版社 2007.06 |
|
| 页数: | 134页 | |
| 开本: | 24cm | |
| 丛书名: | 金融学论丛 | |
| 单 册: | ||
| 中图分类: | F830.33 | |
| 科图分类: | ||
| 主题词: | 商业银行--shang ye yin hang--银行信用--风险管理--研究 | |
| 电子资源: | ||
| ISBN: | 978-7-301-12079-8 | |
| 000 | 01331nam 2200301 450 | |
| 001 | 012008150933 | |
| 005 | 20080626152029.00 | |
| 010 | @a978-7-301-12079-8@dCNY24.00 | |
| 100 | @a20080626d2007 em y0chiy0120 ea | |
| 101 | 0 | @achi |
| 102 | @aCN@b110000 | |
| 105 | @aak a 000yy | |
| 106 | @ar | |
| 200 | 1 | @a商业银行信用风险评估@Ashang ye yin hang xin yong feng xian ping gu@e一种实证模型的探讨@d= Credit risk assessment of commercial banks@eone proposal on empirical modelling@f于立勇著@Fyu li yong zhu |
| 210 | @a北京@c北京大学出版社@d2007.06 | |
| 215 | @a134页@c图@d24cm | |
| 225 | 2 | @a金融学论丛@Ajin rong xue lun cong |
| 300 | @a本书是国家自然科学基金项目“WTO与中国商业银行的改革与创新”(项目批准号:70373012)的研究成果之一 | |
| 320 | @a有书目 (第105-120页)。 | |
| 330 | @a本书提出以信用风险度作为商业银行信用风险的一种新衡量标准,并分别应用因子分析法和逐步判别模型构建了两套较为科学的评估指标体系。 | |
| 410 | 0 | @12001 @a金融学论丛 |
| 510 | 1 | @aCredit risk assessment of commercial banks@eone proposal on empirical modelling@zeng |
| 517 | 1 | @a一种实证模型的探讨@Ayi zhong shi zheng mo xing de tan tao |
| 606 | 0 | @a商业银行@Ashang ye yin hang@x银行信用@x风险管理@x研究 |
| 690 | @aF830.33@v4 | |
| 701 | 0 | @a于立勇@Ayu li yong@4著 |
| 801 | 0 | @aCN@bQSSK@c20080626 |
| 905 | @b729194-96@dF830.33@eY719@f3 | |
| 商业银行信用风险评估:一种实证模型的探讨= Credit risk assessment of commercial banks:one proposal on empirical modelling/于立勇著.-北京:北京大学出版社,2007.06 |
| 134页:图;24cm.-(金融学论丛) |
| 本书是国家自然科学基金项目“WTO与中国商业银行的改革与创新”(项目批准号:70373012)的研究成果之一 |
| ISBN 978-7-301-12079-8:CNY24.00 |
| 本书提出以信用风险度作为商业银行信用风险的一种新衡量标准,并分别应用因子分析法和逐步判别模型构建了两套较为科学的评估指标体系。 |
| ● |
| 相关链接 |
|
|
|
正题名:商业银行信用风险评估
索取号:F830.33/Y719
 
预约/预借
| 序号 | 登录号 | 条形码 | 馆藏地/架位号 | 状态 | 备注 |
| 1 | 729194 | 207291946 | 社科库409/409社科库 51排1列1层/ [索取号:F830.33/Y719] | 在馆 | |
| 2 | 729195 | 207291955 | 社科库409/ [索取号:F830.33/Y719] |
已借出,限还日期为2037.02.16 借出人:中级法院 |
|
| 3 | 729196 | 207291964 | 社科库409/409社科库 50排7列5层/ [索取号:F830.33/Y719] | 在馆 |